Snižování regionálních nerovností prostřednictvím decentralizace

Vzťah medzi decentralizáciou a regionálnymi disparitami. Pozitívny plyv decentralizácie na ekonomickú výkonnosť krajiny a regiónov a tým aj na znižovanie regionálnych disparít. Indikátor rozptylu (disperzie) regionálneho HDP na obyvateľa. Politická, finančná a administratívna decentralizácia. Index...

Description complète

Enregistré dans:
Détails bibliographiques
Auteur principal: Laboutková, Šárka
Autres auteurs: Bednářová, Pavla
Format: Chapitre de livre
Langue:tchèque
Sujets:
Tags: Ajouter un tag
Pas de tags, Soyez le premier à ajouter un tag!

MARC

LEADER 00000nla a2200000 4500
001 0157605
005 20220426124125.6
041 0 |a cze 
044 |a CZ 
245 1 0 |a Snižování regionálních nerovností prostřednictvím decentralizace  |c Šárka Laboutková, Pavla Bednářová 
520 |a Vzťah medzi decentralizáciou a regionálnymi disparitami. Pozitívny plyv decentralizácie na ekonomickú výkonnosť krajiny a regiónov a tým aj na znižovanie regionálnych disparít. Indikátor rozptylu (disperzie) regionálneho HDP na obyvateľa. Politická, finančná a administratívna decentralizácia. Index decentralizácie a jeho zložky. Výsledok skúmania vzájomných väzieb zvolených indikátorov decentralizácie a regionálnych disparít. 
610 2 0 |a decentralizácia 
610 2 0 |a rozvoj regionálny 
610 2 0 |a rast hospodársky 
610 2 0 |a produkt domáci hrubý 
610 2 0 |a správa verejná 
610 2 0 |a štát 
610 2 0 |a indexy 
100 1 |a Laboutková, Šárka 
700 1 |a Bednářová, Pavla